<?xml version="1.0" encoding="UTF-8"?>
<record
    xmlns:xsi="http://www.w3.org/2001/XMLSchema-instance"
    xsi:schemaLocation="http://www.loc.gov/MARC21/slim http://www.loc.gov/standards/marcxml/schema/MARC21slim.xsd"
    xmlns="http://www.loc.gov/MARC21/slim">

  <leader>00564nam a22001697a 4500</leader>
  <datafield tag="999" ind1=" " ind2=" ">
    <subfield code="c">7940</subfield>
    <subfield code="d">7940</subfield>
  </datafield>
  <controlfield tag="005">20240926155156.0</controlfield>
  <controlfield tag="008">240925b           ||||| |||| 00| 0 eng d</controlfield>
  <datafield tag="020" ind1=" " ind2=" ">
    <subfield code="a">9788419474582</subfield>
  </datafield>
  <datafield tag="040" ind1=" " ind2=" ">
    <subfield code="a">CDMR</subfield>
    <subfield code="d">CDMR</subfield>
  </datafield>
  <datafield tag="100" ind1="1" ind2=" ">
    <subfield code="9">340</subfield>
    <subfield code="a">Alsius, Salvador</subfield>
  </datafield>
  <datafield tag="245" ind1=" " ind2=" ">
    <subfield code="a">Veni, vidi, vixi </subfield>
    <subfield code="b">: [Mem&#xF2;ries d'inf&#xE0;ncia i joventut (1948-1983)] / </subfield>
    <subfield code="c">Salvador Alsius</subfield>
  </datafield>
  <datafield tag="260" ind1=" " ind2=" ">
    <subfield code="a">Barcelona : </subfield>
    <subfield code="b">Viena Edicions, </subfield>
    <subfield code="c">2024</subfield>
  </datafield>
  <datafield tag="300" ind1=" " ind2=" ">
    <subfield code="a">313 p&#xE0;gines</subfield>
  </datafield>
  <datafield tag="490" ind1=" " ind2=" ">
    <subfield code="a">Mem&#xF2;ria </subfield>
    <subfield code="v">; 25</subfield>
  </datafield>
  <datafield tag="586" ind1=" " ind2=" ">
    <subfield code="a">Obra guanyadora del Premi Rom&#xE0; Planas i Mir&#xF3; de Memorials Populars 2023 </subfield>
  </datafield>
  <datafield tag="942" ind1=" " ind2=" ">
    <subfield code="2">udc</subfield>
    <subfield code="c">MON</subfield>
  </datafield>
  <datafield tag="952" ind1=" " ind2=" ">
    <subfield code="0">0</subfield>
    <subfield code="1">0</subfield>
    <subfield code="2">udc</subfield>
    <subfield code="4">0</subfield>
    <subfield code="7">0</subfield>
    <subfield code="a">CDMR</subfield>
    <subfield code="b">CDMR</subfield>
    <subfield code="d">2024-09-25</subfield>
    <subfield code="e">Donaci&#xF3;</subfield>
    <subfield code="g">18.70</subfield>
    <subfield code="l">2</subfield>
    <subfield code="m">1</subfield>
    <subfield code="o">Du 1/218</subfield>
    <subfield code="p">CDMR24090009</subfield>
    <subfield code="r">2025-01-07</subfield>
    <subfield code="s">2024-12-02</subfield>
    <subfield code="w">2024-09-25</subfield>
    <subfield code="y">MON</subfield>
  </datafield>
</record>
